[Event "EU-chT (Women) 24th"]
[Site "Budva"]
[Date "2023.11.17"]
[Round "6.1"]
[White "Stefanova, Antoaneta"]
[Black "Mammadzada, Gunay Vuqar Qizi"]
[Result "1/2-1/2"]
[WhiteElo "2417"]
[BlackElo "2441"]
[PlyCount "126"]
[EventDate "2023.11.11"]
[EventType "team-swiss"]
[EventRounds "9"]
[EventCountry "MNE"]
[SourceTitle "CB47_2023"]
[SourceDate "2023.11.22"]
[SourceVersion "1"]
[SourceVersionDate "2023.11.22"]
[SourceQuality "1"]
[WhiteTeam "Bulgaria (W)"]
[BlackTeam "Azerbaijan (W)"]
[WhiteTeamCountry "BUL"]
[BlackTeamCountry "AZE"]

1. d4 d5 2. c4 c6 3. cxd5 cxd5 4. Bf4 Nc6 5. e3 Nf6 6. Nc3 Bf5 7. Bb5 e6 8. Nf3 Nd7 9. Rc1 Rc8 10. 0-0 Be7 11. Na4 g5 12. Be5 Rg8 13. Bg3 h5 14. h3 h4 15. Bh2 g4 16. hxg4 Bxg4 17. Kh1 h3 18. gxh3 Bxh3 19. Rg1 Rh8 20. Nc3 a6 21. Be2 Bf5 22. Bd3 Bxd3 23. Qxd3 Bd6 24. Rg2 Qf6 25. Kg1 Bxh2+ 26. Nxh2 Ke7 27. Ne2 Kd8 28. e4 dxe4 29. Qxe4 Nb6 30. Ng4 Qe7 31. Ne5 Nxe5 32. Qxe5 Rxc1+ 33. Nxc1 Qh4 34. Kf1 Nd7 35. Qa5+ b6 36. Qc3 Qe4 37. Rg1 Qd5 38. a4 Nf6 39. Ne2 Ne4 40. Qb4 Qd6 41. Qxd6+ Nxd6 42. Ke1 Ke7 43. b3 Rh3 44. Rg3 Rh1+ 45. Rg1 Rh2 46. Rg8 Ne4 47. f3 Nf6 48. Ra8 a5 49. Ra7+ Kf8 50. Nf4 Rb2 51. Nd3 Rxb3 52. Ne5 Nd5 53. Nxf7 Rxf3 54. Ng5 Re3+ 55. Kd2 Ke8 56. Rb7 Ra3 57. Nxe6 Rxa4 58. Kd3 Rb4 59. Ke4 Rb5 60. Ra7 Nf6+ 61. Kf4 Nd5+ 62. Ke4 Nf6+ 63. Kf4 Nd5+ 1/2-1/2

[Event "FIDE Grand Swiss (Women)"]
[Site "Douglas"]
[Date "2023.11.04"]
[Round "10"]
[White "Stefanova, Antoaneta"]
[Black "Garifullina, Leya"]
[Result "1/2-1/2"]
[WhiteElo "2424"]
[BlackElo "2402"]
[PlyCount "131"]
[EventDate "2023.10.25"]
[EventType "swiss"]
[EventRounds "11"]
[EventCountry "IOM"]
[SourceTitle "Mega2024 Update 01"]
[Source "Chessbase"]
[SourceDate "2023.11.12"]
[SourceVersion "1"]
[SourceVersionDate "2023.11.12"]
[SourceQuality "1"]

1. e4 c5 2. Nf3 d6 3. d4 cxd4 4. Qxd4 Nf6 5. Nc3 Nc6 6. Qe3 g6 7. Bc4 Bg7 8. h3 0-0 9. 0-0 b6 10. Rd1 Bb7 11. a4 Nd7 12. Ra3 Rc8 13. Ba2 Qe8 14. Nd5 Na5 15. Qe2 h6 16. b4 Nc6 17. c3 Nce5 18. Nd2 e6 19. Ne3 Nf6 20. f4 Ned7 21. Bb1 Qe7 22. a5 Nh5 23. axb6 axb6 24. Ra7 Rc7 25. Ndc4 d5 26. Na3 Nb8 27. Nb5 Nc6 28. Ra2 Rd7 29. Qf2 dxe4 30. Rxd7 Qxd7 31. Rd2 Qe7 32. Bxe4 Nd4 33. Bxb7 Nxb5 34. Bf3 Nxc3 35. Nc2 Nxf4 36. Qxb6 Nfd5 37. Qa5 Qh4 38. b5 Be5 39. Bb2 Qf4 40. Rd3 Qh2+ 41. Kf1 Bc7 42. Qa1 Qh1+ 43. Kf2 Bb6+ 44. Kg3 Bg1 45. Bxd5 Bh2+ 46. Kf2 Qxa1 47. Nxa1 Nxd5 48. g3 Rd8 49. b6 h5 50. h4 g5 51. hxg5 h4 52. gxh4 Rb8 53. Rxd5 exd5 54. Bd4 Bd6 55. Nc2 Ra8 56. Ne3 Ra4 57. Nf5 Rxd4 58. Nxd4 Bc5 59. Ke3 Bxb6 60. Kd3 Kh7 61. Nc6 Bf2 62. h5 Bh4 63. g6+ fxg6 64. hxg6+ Kxg6 65. Nb4 Bf6 66. Nxd5 1/2-1/2

[Event "FIDE Grand Swiss (Women)"]
[Site "Douglas"]
[Date "2023.11.02"]
[Round "8"]
[White "Muzychuk, Anna"]
[Black "Stefanova, Antoaneta"]
[Result "1/2-1/2"]
[WhiteElo "2510"]
[BlackElo "2424"]
[PlyCount "46"]
[EventDate "2023.10.25"]
[EventType "swiss"]
[EventRounds "11"]
[EventCountry "IOM"]
[SourceTitle "Mega2024 Update 01"]
[Source "Chessbase"]
[SourceDate "2023.11.12"]
[SourceVersion "1"]
[SourceVersionDate "2023.11.12"]
[SourceQuality "1"]

1. e4 e5 2. Nf3 Nc6 3. Bb5 f5 4. d3 fxe4 5. dxe4 Nf6 6. 0-0 Bc5 7. Bxc6 bxc6 8. Nxe5 0-0 9. Nc3 d6 10. Na4 Qe8 11. Nd3 Bg4 12. Qe1 Bd4 13. c3 Bb6 14. Nxb6 axb6 15. a3 Be6 16. e5 Bc4 17. exf6 Bxd3 18. fxg7 Rf7 19. Qxe8+ Rxe8 20. Rd1 Bc2 21. Rf1 Bd3 22. Rd1 Bc2 23. Rf1 Bd3 1/2-1/2

[Event "FIDE Grand Swiss (Women)"]
[Site "Douglas"]
[Date "2023.10.28"]
[Round "4"]
[White "Stefanova, Antoaneta"]
[Black "Guichard, Pauline"]
[Result "1-0"]
[WhiteElo "2424"]
[BlackElo "2358"]
[PlyCount "115"]
[EventDate "2023.10.25"]
[EventType "swiss"]
[EventRounds "11"]
[EventCountry "IOM"]
[SourceTitle "Mega2024 Update 01"]
[Source "Chessbase"]
[SourceDate "2023.11.12"]
[SourceVersion "1"]
[SourceVersionDate "2023.11.12"]
[SourceQuality "1"]

1. d4 Nf6 2. c4 e6 3. Nf3 d5 4. Nc3 dxc4 5. e4 Bb4 6. Bxc4 Nxe4 7. 0-0 Nxc3 8. bxc3 Be7 9. Qc2 Nd7 10. Rd1 0-0 11. Bd3 h6 12. Qe2 Rb8 13. Qe4 Nf6 14. Qh4 Nh7 15. Qg3 Bd6 16. Ne5 f5 17. Bxh6 Bxe5 18. dxe5 Qe7 19. Bc4 Kh8 20. Be3 g5 21. f4 gxf4 22. Qxf4 b5 23. Bb3 Rg8 24. Qh6 a5 25. Rd4 a4 26. Bc2 Bb7 27. g3 Rg7 28. Rad1 Rbg8 29. Rd7 Qe8 30. Qxg7+ Rxg7 31. Rd8 Qxd8 32. Rxd8+ Rg8 33. Rd7 Rg7 34. Rd8+ Rg8 35. Rd4 Bc6 36. a3 Rb8 37. Rh4 Kg7 38. Kf2 Nf8 39. Bh6+ Kg8 40. Bxf8 Rxf8 41. Ke3 Rd8 42. Rd4 Bd5 43. Bd3 c5 44. Rf4 Bc6 45. g4 fxg4 46. Rxg4+ Kf7 47. h4 Rb8 48. h5 b4 49. cxb4 cxb4 50. axb4 a3 51. h6 Rh8 52. h7 a2 53. Rg1 Bd5 54. Kd4 Rc8 55. b5 Bb3 56. Bg6+ Ke7 57. Bc2 Bxc2 58. Rg7+ 1-0

[Event "BL 2324 (Women)"]
[Site "Germany"]
[Date "2023.10.14"]
[Round "1.4"]
[White "Stefanova, Antoaneta"]
[Black "Hancu, O."]
[Result "1-0"]
[WhiteElo "2424"]
[BlackElo "2106"]
[PlyCount "81"]
[EventDate "2023.10.14"]
[EventType "team-tourn"]
[EventRounds "11"]
[EventCountry "GER"]
[SourceTitle "CB48_2023"]
[SourceDate "2023.11.29"]
[SourceVersion "1"]
[SourceVersionDate "2023.11.29"]
[SourceQuality "1"]
[WhiteTeam "Baden-Baden (W)"]
[BlackTeam "Leipzig Weissblau (W)"]
[WhiteTeamCountry "GER"]
[BlackTeamCountry "GER"]

1. d4 d5 2. Nf3 Nf6 3. c3 e6 4. Bg5 c5 5. e3 Nbd7 6. Nbd2 Be7 7. Bd3 b6 8. Qa4 Bb7 9. Ne5 0-0 10. Nc6 Bxc6 11. Qxc6 Rc8 12. Qa4 c4 13. Bb1 Qc7 14. e4 dxe4 15. Nxe4 e5 16. Qc2 exd4 17. Nxf6+ Nxf6 18. cxd4 g6 19. Bd2 Bd6 20. Qc3 Rfe8+ 21. Kf1 Nd5 22. Qf3 Bf4 23. Be4 Bxd2 24. Bxd5 c3 25. bxc3 Qe7 26. g3 Rxc3 27. Qg4 h5 28. Qxg6+ Kf8 29. Qxh5 Qf6 30. Kg2 Rc2 31. Bb3 Rc7 32. d5 Re5 33. Qg4 Rg5 34. Qe4 Rf5 35. Rhf1 Rc3 36. Rad1 Bh6 37. d6 Rcf3 38. d7 Rxf2+ 39. Kg1 Rd2 40. Rxd2 Bxd2 41. Qxf5 1-0

[Event "EU-Cup (Women) 27th"]
[Site "Durres"]
[Date "2023.10.06"]
[Round "6.1"]
[White "Stefanova, Antoaneta"]
[Black "Milliet, Sophie"]
[Result "1-0"]
[WhiteElo "2424"]
[BlackElo "2391"]
[PlyCount "129"]
[EventDate "2023.10.01"]
[EventType "team-swiss"]
[EventRounds "7"]
[EventCountry "ALB"]
[SourceTitle "EXT 2024"]
[Source "ChessBase"]
[SourceDate "2023.10.10"]
[SourceVersion "1"]
[SourceVersionDate "2023.10.10"]
[SourceQuality "1"]
[WhiteTeam "Teuta (W)"]
[BlackTeam "Pedone Isolano (W)"]
[WhiteTeamCountry "MKD"]
[BlackTeamCountry "ITA"]

1. d4 Nf6 2. c4 e6 3. Nf3 Bb4+ 4. Nbd2 d5 5. Qa4+ Nc6 6. e3 a5 7. Be2 Bd7 8. Qc2 dxc4 9. Bxc4 Bd6 10. e4 e5 11. dxe5 Bxe5 12. Nxe5 Nxe5 13. Be2 0-0 14. 0-0 Bc6 15. f3 Qd4+ 16. Kh1 a4 17. Nc4 Nxc4 18. Qxc4 Qe5 19. Qc3 Qh5 20. Re1 Rfe8 21. Bf4 Re7 22. Bg3 Rae8 23. e5 Qh6 24. Bc4 Nh5 25. Bh4 g5 26. Bf2 Nf4 27. Bc5 Rd7 28. Be3 Nd5 29. Bxd5 Rxd5 30. Bf2 Qe6 31. Bg3 Red8 32. Kg1 Rd2 33. Qe3 h6 34. Re2 R8d3 35. Qxd2 Rxd2 36. Rxd2 h5 37. h3 h4 38. Bh2 Bd5 39. a3 c6 40. Kh1 b5 41. Rad1 Kh7 42. Rc1 Qh6 43. Rd4 Qg6 44. Kg1 Qf5 45. Kf2 Qg6 46. Ke3 Qe6 47. Kd2 Bxf3 48. gxf3 Qxh3 49. Bg1 Qxf3 50. Re1 Qg2+ 51. Kc1 h3 52. Rd2 Qf3 53. Rf2 Qd5 54. Bh2 g4 55. Ref1 Qc4+ 56. Kb1 g3 57. Rxf7+ Kg8 58. Bxg3 Qd3+ 59. Ka1 b4 60. R7f3 Qd4 61. axb4 Qxb4 62. Be1 Qc5 63. Rg3+ Kh7 64. Rxh3+ Kg6 65. Rg3+ 1-0

[Event "EU-Cup (Women) 27th"]
[Site "Durres"]
[Date "2023.10.03"]
[Round "3.1"]
[White "Stefanova, Antoaneta"]
[Black "Khotenashvili, Bela"]
[Result "1/2-1/2"]
[WhiteElo "2424"]
[BlackElo "2483"]
[PlyCount "42"]
[EventDate "2023.10.01"]
[EventType "team-swiss"]
[EventRounds "7"]
[EventCountry "ALB"]
[SourceTitle "EXT 2024"]
[Source "ChessBase"]
[SourceDate "2023.10.10"]
[SourceVersion "1"]
[SourceVersionDate "2023.10.10"]
[SourceQuality "1"]
[WhiteTeam "Teuta (W)"]
[BlackTeam "Ajka Garuda (W)"]
[WhiteTeamCountry "MKD"]
[BlackTeamCountry "HUN"]

1. e4 c6 2. Nf3 d5 3. d3 g6 4. e5 Bg7 5. d4 Nh6 6. Bd3 f6 7. exf6 exf6 8. 0-0 0-0 9. c4 dxc4 10. Bxc4+ Kh8 11. h3 Nd7 12. Nc3 Nb6 13. Bb3 Re8 14. d5 cxd5 15. Nxd5 Be6 16. Nxb6 Qxb6 17. Be3 Qb4 18. Bd2 Qb6 19. Be3 Qb4 20. Bd2 Qb6 21. Be3 Qb4 1/2-1/2

[Event "EU-Cup (Women) 27th"]
[Site "Durres"]
[Date "2023.10.01"]
[Round "1.1"]
[White "Johannsdottir, Johanna Bjorg"]
[Black "Stefanova, Antoaneta"]
[Result "0-1"]
[WhiteElo "1988"]
[BlackElo "2424"]
[PlyCount "88"]
[EventDate "2023.10.01"]
[EventType "team-swiss"]
[EventRounds "7"]
[EventCountry "ALB"]
[SourceTitle "EXT 2024"]
[Source "ChessBase"]
[SourceDate "2023.10.10"]
[SourceVersion "1"]
[SourceVersionDate "2023.10.10"]
[SourceQuality "1"]
[WhiteTeam "Taflfelag Gardjabaejar (W)"]
[BlackTeam "Teuta (W)"]
[WhiteTeamCountry "ISL"]
[BlackTeamCountry "MKD"]

1. e4 c6 2. Nc3 d5 3. Nf3 Bg4 4. h3 Bxf3 5. Qxf3 e6 6. d3 Nd7 7. Bd2 Bc5 8. g4 Ne7 9. Qg3 a5 10. a4 Bd4 11. Bg2 Ng6 12. h4 h5 13. f4 Nf6 14. Ne2 dxe4 15. Nxd4 Qxd4 16. Bc3 Qd6 17. Bxe4 Nxe4 18. dxe4 hxg4 19. Rd1 Qxf4 20. Qxf4 Nxf4 21. Bxg7 Rg8 22. Be5 Nh5 23. Kf2 f6 24. Bc7 Rg7 25. Bb6 e5 26. Rhg1 Ra6 27. Rd8+ Ke7 28. Bc7 c5 29. Rgd1 Kf7 30. Bd6 Rc6 31. Bf8 Rh7 32. R1d7+ Kg6 33. Rxh7 Kxh7 34. Rd7+ Kg8 35. Bh6 Rb6 36. b3 c4 37. Be3 Rc6 38. Rxb7 cxb3 39. cxb3 Rc2+ 40. Ke1 Nf4 41. Bb6 g3 42. Bxa5 g2 43. Bb6 Nd3+ 44. Kd1 Rc5 0-1